000 00680nam a2200253Ia 4500
003 OSt
005 20220924123602.0
006 a|||||r|||| 00| 0
007 ta
008 220923b |||||||| |||| 00| 0 san d
020 _a8124601097 (pbk)
024 _a161950
037 _cTextual
040 _aARTS
_cARTS
_bsan
041 _2san
_asan
082 _aR6xNNA,1, 15N8
100 _aNarayana Guru
245 0 _aDarasanamala comm by M.Harhara Sastri
260 _aNew Delhi
_b D.K. Publications
_c1998
300 _a112p.
_ccm.
650 _aINDIAN PHILOSOPHY
942 _hR6xNNA,1, 15N8
_cTEXL
_2CC
999 _c416327
_d416327